[Event "VIE-chT"]
[Site "Hanoi"]
[Date "2023.04.21"]
[Round "6"]
[White "Do, Huy Hung"]
[Black "Cao, Minh Tung"]
[Result "1/2-1/2"]
[WhiteElo "1962"]
[BlackElo "1931"]
[PlyCount "45"]
[EventDate "2023.04.18"]
[EventType "swiss"]
[EventRounds "9"]
[EventCountry "VIE"]
[SourceTitle "EXT 2024"]
[Source "ChessBase"]
[SourceDate "2023.10.10"]
[SourceVersion "1"]
[SourceVersionDate "2023.10.10"]
[SourceQuality "1"]

1. e4 c5 2. Nf3 e6 3. d4 cxd4 4. Nxd4 a6 5. Be2 Qc7 6. 0-0 Nf6 7. Nc3 Bb4 8. Qd3 0-0 9. Bg5 Bxc3 10. bxc3 Qe5 11. f4 Qxe4 12. Bxf6 Qxd3 13. Bxd3 gxf6 14. Rf3 Nc6 15. Bxh7+ Kxh7 16. Rh3+ Kg7 17. Rg3+ Kh6 18. Rh3+ Kg6 19. Rg3+ Kh5 20. Rf1 Nxd4 21. cxd4 b5 22. Rh3+ Kg4 23. f5 1/2-1/2

[Event "VIE-chT"]
[Site "Hanoi"]
[Date "2023.04.18"]
[Round "1"]
[White "Do, Huy Hung"]
[Black "Doan, Van Duc"]
[Result "0-1"]
[WhiteElo "1962"]
[BlackElo "2049"]
[PlyCount "76"]
[EventDate "2023.04.18"]
[EventType "swiss"]
[EventRounds "9"]
[EventCountry "VIE"]
[SourceTitle "EXT 2024"]
[Source "ChessBase"]
[SourceDate "2023.10.10"]
[SourceVersion "1"]
[SourceVersionDate "2023.10.10"]
[SourceQuality "1"]

1. d4 Nf6 2. e3 g6 3. Nf3 Bg7 4. Nbd2 0-0 5. g3 d6 6. Bg2 Nbd7 7. 0-0 e5 8. c4 Re8 9. Re1 h6 10. dxe5 dxe5 11. e4 Nc5 12. b3 Nfxe4 13. Nxe4 Qxd1 14. Rxd1 Nxe4 15. Bb2 Nd6 16. Re1 f6 17. Nd2 f5 18. c5 Nf7 19. c6 b6 20. Nc4 b5 21. Nxe5 Nxe5 22. f4 Nf3+ 23. Bxf3 Rxe1+ 24. Rxe1 Bxb2 25. Re7 Kf8 26. Rxc7 Be6 27. Rb7 Bd4+ 28. Kf1 Bb6 29. Be2 Rc8 30. Bxb5 Bd5 31. Rh7 Kg8 32. Rxh6 Kg7 33. Rh4 Bxc6 34. Be2 Bd5 35. Bc4 Bxc4+ 36. bxc4 Rxc4 37. Kg2 Rc2+ 38. Kf3 Rf2# 0-1

[Event "VIE-ch U15"]
[Site "Hanoi"]
[Date "2022.06.13"]
[Round "3"]
[White "Nguyen, Tran Duy Anh"]
[Black "Do, Huy Hung"]
[Result "1/2-1/2"]
[WhiteElo "2331"]
[BlackElo "2320"]
[PlyCount "104"]
[EventDate "2022.06.11"]
[EventType "swiss"]
[EventRounds "9"]
[EventCountry "VIE"]
[SourceTitle "EXT 2023"]
[Source "ChessBase"]
[SourceDate "2022.10.05"]
[SourceVersion "1"]
[SourceVersionDate "2022.10.05"]
[SourceQuality "1"]

1. e4 e5 2. Nf3 Nc6 3. Bc4 Bc5 4. c3 d6 5. d3 h6 6. 0-0 Bg4 7. a4 a5 8. Nbd2 Qf6 9. Re1 Nge7 10. h3 Be6 11. Bb3 Qg6 12. Bxe6 fxe6 13. Nf1 0-0 14. d4 Bb6 15. Ng3 exd4 16. cxd4 e5 17. Be3 exd4 18. Nxd4 Bxd4 19. Bxd4 Nxd4 20. Qxd4 Qf6 21. Rad1 Qxd4 22. Rxd4 Nc6 23. Rd2 Rf7 24. f3 Ne5 25. Kf2 Nc4 26. Rc2 Ne5 27. Ke2 Ra6 28. Rec1 Nc6 29. Rc4 Rb6 30. R1c2 Nb4 31. Rc1 c5 32. Rd1 g6 33. Ke3 Rf6 34. Ne2 Nc6 35. Rc2 Rb3+ 36. Kf2 Kf7 37. Rcd2 Ke7 38. Nc3 Kd7 39. Nb5 Nd4 40. Nxd4 cxd4 41. Rxd4 Rxb2+ 42. R1d2 Rxd2+ 43. Rxd2 Kc6 44. Rd5 b6 45. Ke3 g5 46. g3 Kc7 47. Rb5 Kc6 48. Rd5 Kc7 49. Rf5 Re6 50. Kd4 Kc6 51. Rd5 Rf6 52. Rf5 Re6 1/2-1/2

[Event "VIE-ch U15"]
[Site "Hanoi"]
[Date "2022.06.12"]
[Round "2"]
[White "Do, Huy Hung"]
[Black "Nguyen, Kim Bao"]
[Result "1/2-1/2"]
[WhiteElo "2320"]
[BlackElo "2327"]
[PlyCount "73"]
[EventDate "2022.06.11"]
[EventType "swiss"]
[EventRounds "9"]
[EventCountry "VIE"]
[SourceTitle "EXT 2023"]
[Source "ChessBase"]
[SourceDate "2022.10.05"]
[SourceVersion "1"]
[SourceVersionDate "2022.10.05"]
[SourceQuality "1"]

1. d4 Nf6 2. Nf3 e6 3. c4 c5 4. e3 b6 5. Nbd2 Bb7 6. b3 d5 7. Ne5 Nbd7 8. Ndf3 dxc4 9. bxc4 Bd6 10. Be2 Bxe5 11. dxe5 Ne4 12. Bb2 Ng5 13. 0-0 Nxf3+ 14. Bxf3 Bxf3 15. Qxf3 0-0 16. Qb7 Qc8 17. Qxc8 Raxc8 18. Rfd1 Nb8 19. Rd6 Rfd8 20. Rad1 Rxd6 21. Rxd6 Kf8 22. f4 g6 23. Bc3 Ke7 24. Be1 Ke8 25. Bh4 Nc6 26. Be1 Ne7 27. g4 Rd8 28. Rxd8+ Kxd8 29. Bh4 Kd7 30. Bxe7 Kxe7 31. g5 Kd7 32. Kf2 Kc6 33. a4 a6 34. Ke2 b5 35. Kd3 bxa4 36. Kc3 Kb6 37. Kb2 1/2-1/2